ARRUPE JESUIT UNIVERSITY

CORONAVIRUS -STOP THE SPREAD - CLEAN,DISINFECT,COVER

The chair of Saint Peter : (Record no. 123224)

MARC details
000 -LEADER
fixed length control field 00785cam a2200265 a 4500
001 - CONTROL NUMBER
control field 4520203
003 - CONTROL NUMBER IDENTIFIER
control field ARRUPE
005 - DATE AND TIME OF LATEST TRANSACTION
control field 20150904111210.0
008 - FIXED-LENGTH DATA ELEMENTS--GENERAL INFORMATION
fixed length control field 990527s1999 nyu b 001 0 eng
010 ## - LIBRARY OF CONGRESS CONTROL NUMBER
LC control number 98050146
020 ## - INTERNATIONAL STANDARD BOOK NUMBER
International Standard Book Number 1570752494
035 ## - SYSTEM CONTROL NUMBER
System control number (OCoLC)40398070
035 ## - SYSTEM CONTROL NUMBER
System control number (OCoLC)ocm40398070
035 ## - SYSTEM CONTROL NUMBER
System control number (NNC)4520203
040 ## - CATALOGING SOURCE
Original cataloging agency DLC
Transcribing agency DLC
Modifying agency DLC
-- NNUT
090 ## - LOCALLY ASSIGNED LC-TYPE CALL NUMBER (OCLC); LOCAL CALL NUMBER (OCLC)
Classification number (OCLC) (R) ; Classification number, CALL (RLIN) (NR) BX955.2
Local cutter number (OCLC) ; Book number/undivided call number, CALL (RLIN) .L35 1999
300 ## - PHYSICAL DESCRIPTION
Dimensions 24 cm
100 1# - MAIN ENTRY--PERSONAL NAME
Personal name La Due, William J.
9 (RLIN) 19286
245 14 - TITLE STATEMENT
Title The chair of Saint Peter :
Remainder of title a history of the papacy /
Statement of responsibility, etc William J. La Due
260 ## - PUBLICATION, DISTRIBUTION, ETC. (IMPRINT)
Place of publication, distribution, etc Maryknoll, N.Y. :
Name of publisher, distributor, etc Orbis Books,
Date of publication, distribution, etc c1999
300 ## - PHYSICAL DESCRIPTION
Extent x, 374 p. ;
504 ## - BIBLIOGRAPHY, ETC. NOTE
Bibliography, etc Includes bibliographical references (p. 357-363) and index
650 #0 - SUBJECT ADDED ENTRY--TOPICAL TERM
Topical term or geographic name as entry element Papacy
General subdivision History.
9 (RLIN) 19287
942 ## - ADDED ENTRY ELEMENTS (KOHA)
Source of classification or shelving scheme Library of Congress Classification
Koha item type Monograph ( Printed materials)
Holdings
Withdrawn status Lost status Source of classification or shelving scheme Damaged status Not for loan Collection code Home library Current library Shelving location Date acquired Total Checkouts Full call number Barcode Date last seen Price effective from Koha item type
    Library of Congress Classification     Main Collection ARRUPE LIBRARY ARRUPE LIBRARY Main Collection 04/09/2015   BX955.2.L35 1999 46500004043 22/11/2017 04/09/2015 Monograph ( Printed materials)

 

Arrupe Library. PO Box MP320 Mt Pleasant, Harare, Zimbabwe
263 242 745411|librarian@aju.ac.zw